[Event "Titled Tuesday intern op 16th Apr Early"]
[Site "Chess.com INT"]
[Date "2024.04.16"]
[Round "11"]
[White "Parfenov, Viktor N"]
[Black "Doshi, Moksh Amitbhai"]
[Result "1/2-1/2"]
[WhiteElo "2193"]
[BlackElo "2342"]
[PlyCount "65"]
[EventDate "2024.04.16"]
[EventType "swiss (blitz)"]
[EventRounds "11"]
[EventCountry "USA"]
[SourceTitle "CB17_2024"]
[SourceDate "2024.04.24"]
[SourceVersion "1"]
[SourceVersionDate "2024.04.24"]
[SourceQuality "1"]

1. e4 c5 2. Nf3 e6 3. d4 cxd4 4. Nxd4 Nc6 5. Bf4 d6 6. Nxc6 bxc6 7. c4 e5 8. Be3 Nf6 9. Nc3 Ng4 10. Bd2 Qb6 11. Qf3 Qxb2 12. Rb1 Qa3 13. Rb3 Qa5 14. Be2 Qd8 15. 0-0 Be7 16. c5 0-0 17. cxd6 Bxd6 18. Rd1 Qe7 19. h3 Nf6 20. Bg5 Be6 21. Bxf6 gxf6 22. Rb7 Qxb7 23. Rxd6 Qe7 24. Rxc6 Kh8 25. Nd5 Bxd5 26. exd5 Rac8 27. Bd3 Rxc6 28. dxc6 Rg8 29. Qf5 Rg6 30. Qc8+ Rg8 31. Qf5 Rg6 32. Qc8+ Rg8 33. Qf5 1/2-1/2

[Event "Titled Tuesday intern op 16th Apr Early"]
[Site "Chess.com INT"]
[Date "2024.04.16"]
[Round "7"]
[White "Parfenov, Viktor N"]
[Black "Rohwer, Paul"]
[Result "1-0"]
[WhiteElo "2193"]
[BlackElo "2225"]
[PlyCount "101"]
[EventDate "2024.04.16"]
[EventType "swiss (blitz)"]
[EventRounds "11"]
[EventCountry "USA"]
[SourceTitle "CB17_2024"]
[SourceDate "2024.04.24"]
[SourceVersion "1"]
[SourceVersionDate "2024.04.24"]
[SourceQuality "1"]

1. e4 c5 2. Nf3 d6 3. d4 cxd4 4. Nxd4 Nf6 5. Nc3 e5 6. Bb5+ Bd7 7. Bxd7+ Qxd7 8. Nf5 d5 9. Nxd5 Nxe4 10. Nfe3 Bc5 11. 0-0 Nc6 12. Qf3 Nd6 13. Rd1 Nd4 14. Qh5 Nc6 15. b4 Bxe3 16. Bxe3 0-0 17. b5 Nd4 18. Qxe5 Nxc2 19. Rac1 Nxe3 20. Nxe3 Rad8 21. a4 Qe6 22. Qxe6 fxe6 23. f3 Rf7 24. Nc4 Rfd7 25. Ne5 Re7 26. Rd3 Nf7 27. Rxd8+ Nxd8 28. Rc8 Re8 29. a5 Kf8 30. a6 bxa6 31. bxa6 Nf7 32. Rxe8+ Kxe8 33. Nc6 Kd7 34. Nxa7 Kc7 35. Nb5+ Kb6 36. a7 Kb7 37. Kf2 Nd8 38. Ke3 Nc6 39. Ke4 Nxa7 40. Nxa7 Kxa7 41. Ke5 Kb7 42. Kxe6 Kc7 43. Kf7 g5 44. g4 Kd6 45. Kf6 h6 46. Kg6 Ke5 47. Kxh6 Kf4 48. Kh5 Kxf3 49. Kxg5 Kg2 50. h4 Kh2 51. h5 1-0

[Event "Titled Tuesday intern op 16th Apr Early"]
[Site "Chess.com INT"]
[Date "2024.04.16"]
[Round "8"]
[White "Titarov, Vasilii"]
[Black "Parfenov, Viktor N"]
[Result "0-1"]
[WhiteElo "2093"]
[BlackElo "2193"]
[PlyCount "78"]
[EventDate "2024.04.16"]
[EventType "swiss (blitz)"]
[EventRounds "11"]
[EventCountry "USA"]
[SourceTitle "CB17_2024"]
[SourceDate "2024.04.24"]
[SourceVersion "1"]
[SourceVersionDate "2024.04.24"]
[SourceQuality "1"]

1. e4 e5 2. Nf3 Nc6 3. Be2 Nf6 4. d3 d5 5. Nbd2 Bc5 6. 0-0 0-0 7. c3 a5 8. a4 Re8 9. h3 h6 10. Re1 Be6 11. Bf1 Qd6 12. exd5 Bxd5 13. Nc4 Bxc4 14. dxc4 e4 15. Qxd6 cxd6 16. Nh4 Ne5 17. Nf5 Nd3 18. Bxd3 exd3 19. Be3 Ne4 20. Rad1 d2 21. Re2 g6 22. Nxh6+ Kg7 23. Ng4 f5 24. Nh2 Ra6 25. Nf3 Rb6 26. Bxd2 Rxb2 27. Bh6+ Kxh6 28. Rxb2 Nxc3 29. Rd3 Nxa4 30. Rb1 Nb6 31. Kf1 a4 32. Nd4 a3 33. Nc2 Nxc4 34. Ra1 b5 35. g3 b4 36. Nd4 Bxd4 37. Rxd4 d5 38. Rxd5 b3 39. Rd3 b2 0-1

[Event "Titled Tuesday intern op 02nd Apr Early"]
[Site "Chess.com INT"]
[Date "2024.04.02"]
[Round "6"]
[White "Bauer, Sebastian"]
[Black "Parfenov, Viktor N"]
[Result "0-1"]
[WhiteElo "2320"]
[BlackElo "2193"]
[PlyCount "172"]
[EventDate "2024.04.02"]
[EventType "swiss (blitz)"]
[EventRounds "11"]
[EventCountry "USA"]
[SourceTitle "CB15_2024"]
[SourceDate "2024.04.10"]
[SourceVersion "1"]
[SourceVersionDate "2024.04.10"]
[SourceQuality "1"]

1. e4 e5 2. Nf3 Nc6 3. Bc4 Nf6 4. d3 Bc5 5. c3 0-0 6. Bg5 h6 7. Bh4 Be7 8. a4 d6 9. 0-0 Nh5 10. Bg3 Nxg3 11. hxg3 Be6 12. Bxe6 fxe6 13. Nbd2 Qd7 14. Qe2 a6 15. a5 Qe8 16. Rfe1 Qh5 17. Nc4 Rf7 18. Ne3 Raf8 19. b4 Ra8 20. Ra2 Rff8 21. Rb1 Rfb8 22. c4 Qg6 23. Qe1 Nd4 24. Nxd4 exd4 25. Nf1 Bf6 26. b5 h5 27. Rab2 Rf8 28. bxa6 bxa6 29. Qe2 Bd8 30. Rb8 Rxb8 31. Rxb8 Bf6 32. Rxf8+ Kxf8 33. Qd2 Qe8 34. Qb4 Qc6 35. Nh2 Kf7 36. Nf3 Kg6 37. Kh2 Kf7 38. Nd2 Be5 39. Nb3 h4 40. Nd2 hxg3+ 41. fxg3 Qe8 42. Nf3 Qh8+ 43. Kg1 Bxg3 44. Qb7 Qh6 45. Qb1 Qe3+ 46. Kh1 Qf2 47. Qd1 Kg6 48. Ng1 Qf4 49. Nf3 Qe3 50. Ng1 Kf7 51. Qh5+ Ke7 52. Qd1 Qh6+ 53. Nh3 Qe3 54. Ng1 Qe1 55. Qxe1 Bxe1 56. Nf3 Bxa5 57. Nxd4 Bb6 58. Nb3 a5 59. Kh2 a4 60. Nc1 Be3 61. Na2 Bd2 62. Kg3 Kf6 63. Kf3 c5 64. Ke2 Bb4 65. Ke3 Ke5 66. Nc1 a3 67. Na2 Kf6 68. Nc1 Kg5 69. Kf3 Kf6 70. Na2 Ke7 71. Ke3 Kd7 72. Kf4 Kc6 73. e5 d5 74. Kg5 dxc4 75. dxc4 Bd2+ 76. Kg6 Bh6 77. Kf7 Kd7 78. Nc3 Bf4 79. Na2 Bxe5 80. g4 Bd4 81. Kg6 Kd6 82. Kg5 Ke5 83. Kg6 Ke4 84. Kf7 Kd3 85. Kxe6 Kxc4 86. g5 Kb3 0-1

[Event "Titled Tuesday intern op 12th Mar Early"]
[Site "Chess.com INT"]
[Date "2024.03.12"]
[Round "10"]
[White "Boor, Carl Brandon"]
[Black "Parfenov, Viktor N"]
[Result "1-0"]
[WhiteElo "2231"]
[BlackElo "2193"]
[PlyCount "41"]
[EventDate "2024.03.12"]
[EventType "swiss (blitz)"]
[EventRounds "11"]
[EventCountry "USA"]
[SourceTitle "CB12_2024"]
[SourceDate "2023.10.01"]
[SourceVersion "1"]
[SourceVersionDate "2023.10.01"]
[SourceQuality "1"]

1. d4 d5 2. c4 e6 3. Nf3 Nf6 4. g3 Be7 5. Bg2 0-0 6. 0-0 dxc4 7. Qc2 a6 8. a4 Bd7 9. Qxc4 Bc6 10. Bg5 Nbd7 11. a5 h6 12. Bxf6 Nxf6 13. Nc3 Bd5 14. Qd3 Bb4 15. e4 Bxc3 16. exd5 Bb4 17. dxe6 fxe6 18. Qc4 Qd6 19. Ne5 Nd5 20. Nd3 c5 21. dxc5 1-0

[Event "Titled Tuesday intern op 06th Feb Early"]
[Site "Chess.com INT"]
[Date "2024.02.06"]
[Round "4"]
[White "Bogaudinov, Rushan"]
[Black "Parfenov, Viktor N"]
[Result "0-1"]
[WhiteElo "1853"]
[BlackElo "2193"]
[PlyCount "128"]
[EventDate "2024.02.06"]
[EventType "swiss (blitz)"]
[EventRounds "11"]
[EventCountry "USA"]
[SourceTitle "CB07_2024"]
[SourceDate "2024.02.14"]
[SourceVersion "1"]
[SourceVersionDate "2024.02.14"]
[SourceQuality "1"]

1. d4 Nf6 2. Nf3 e6 3. e3 d5 4. Be2 c5 5. 0-0 Nc6 6. a3 cxd4 7. Nxd4 Bd6 8. c4 0-0 9. Nc3 Nxd4 10. Qxd4 b6 11. cxd5 Bc5 12. Qh4 Nxd5 13. Qxd8 Rxd8 14. Nxd5 exd5 15. b4 Be7 16. Bb2 Bb7 17. Rac1 Rac8 18. Bg4 Rxc1 19. Rxc1 Bd6 20. Bd4 g6 21. g3 f5 22. Bf3 Kf7 23. h4 Ke6 24. Kf1 Rc8 25. Rxc8 Bxc8 26. Be2 Bd7 27. Ke1 h6 28. Kd2 g5 29. hxg5 hxg5 30. f4 gxf4 31. exf4 Ba4 32. Kc3 Bd7 33. Kb3 Be8 34. a4 Bd7 35. a5 Bc7 36. a6 Be8 37. b5 Bd8 38. Kc2 Bc7 39. Kd2 Bd7 40. Ke3 Kf7 41. Bd3 Ke6 42. Kf3 Kf7 43. Kg2 Ke6 44. Kh3 Be8 45. Kh4 Bd8+ 46. Kh3 Bh5 47. Be5 Bf3 48. Bb8 Be4 49. Be2 d4 50. Bxa7 Bc7 51. g4 d3 52. Bd1 fxg4+ 53. Kxg4 Bf5+ 54. Kf3 Kd5 55. Ke3 Kc4 56. Kd2 Kxb5 57. Bxb6 Kxb6 58. Bb3 Bxf4+ 59. Kc3 d2 60. Bd1 Kxa6 61. Kb4 Kb6 62. Kc4 Kc7 63. Kc5 Kd7 64. Kc4 Ke6 0-1

[Event "Titled Tuesday intern op 06th Feb Early"]
[Site "Chess.com INT"]
[Date "2024.02.06"]
[Round "5"]
[White "Parfenov, Viktor N"]
[Black "Baruch, Liam"]
[Result "1-0"]
[WhiteElo "2193"]
[BlackElo "1718"]
[PlyCount "73"]
[EventDate "2024.02.06"]
[EventType "swiss (blitz)"]
[EventRounds "11"]
[EventCountry "USA"]
[SourceTitle "CB07_2024"]
[SourceDate "2024.02.14"]
[SourceVersion "1"]
[SourceVersionDate "2024.02.14"]
[SourceQuality "1"]

1. d4 d5 2. Nf3 Nf6 3. c4 e6 4. Nc3 Be7 5. Bf4 0-0 6. e3 b6 7. cxd5 Nxd5 8. Nxd5 exd5 9. Bd3 Be6 10. 0-0 c5 11. Rc1 c4 12. Bb1 Nc6 13. e4 b5 14. Re1 Qd7 15. exd5 Bxd5 16. Ne5 Nxe5 17. Rxe5 Bf6 18. Qh5 g6 19. Rxd5 Qe6 20. Qf3 Rfe8 21. Be3 a6 22. g3 Bg7 23. b3 cxb3 24. axb3 Rac8 25. Rcc5 Red8 26. b4 Rxd5 27. Qxd5 Qg4 28. Be4 Rf8 29. Bf3 Qh3 30. Bg2 Qg4 31. Qf3 Qe6 32. d5 Qe5 33. h4 Qa1+ 34. Kh2 Qe5 35. Qe4 Qb8 36. Bf4 Qc8 37. Rxc8 1-0

[Event "Titled Tuesday intern op 06th Feb Early"]
[Site "Chess.com INT"]
[Date "2024.02.06"]
[Round "3"]
[White "Parfenov, Viktor N"]
[Black "Henriquez Villagra, Cristobal"]
[Result "0-1"]
[WhiteElo "2193"]
[BlackElo "2591"]
[PlyCount "42"]
[EventDate "2024.02.06"]
[EventType "swiss (blitz)"]
[EventRounds "11"]
[EventCountry "USA"]
[SourceTitle "CB07_2024"]
[SourceDate "2024.02.14"]
[SourceVersion "1"]
[SourceVersionDate "2024.02.14"]
[SourceQuality "1"]

1. e4 g6 2. d4 d6 3. Nc3 a6 4. Nf3 Bg7 5. Bd3 b5 6. Ne2 Nd7 7. Ng3 c5 8. c3 Bb7 9. 0-0 Ngf6 10. e5 Bxf3 11. exf6 Bxd1 12. fxg7 Rg8 13. Rxd1 cxd4 14. a4 f5 15. Bh6 dxc3 16. axb5 cxb2 17. Rab1 Ne5 18. Be2 axb5 19. Bxb5+ Kf7 20. Rxb2 Rb8 21. f4 Ng4 0-1

[Event "Titled Tuesday intern op 23rd Jan Late"]
[Site "Chess.com INT"]
[Date "2024.01.23"]
[Round "5"]
[White "Deveci, Huseyin Said"]
[Black "Parfenov, Viktor N"]
[Result "1-0"]
[WhiteElo "2250"]
[BlackElo "2193"]
[PlyCount "65"]
[EventDate "2024.01.23"]
[EventType "swiss (blitz)"]
[EventRounds "11"]
[EventCountry "USA"]
[SourceTitle "CB05_2024"]
[SourceDate "2024.01.31"]
[SourceVersion "1"]
[SourceVersionDate "2024.01.31"]
[SourceQuality "1"]

1. e4 c5 2. Nf3 d6 3. d4 cxd4 4. Nxd4 Nf6 5. Nc3 a6 6. Rg1 b5 7. g4 Bb7 8. Bg2 h6 9. a3 Nfd7 10. Be3 e6 11. Qd2 Ne5 12. 0-0-0 Nxg4 13. Bf3 Nxe3 14. Qxe3 Nd7 15. Bh5 Qh4 16. Nxe6 Qxh5 17. Nc7+ Kd8 18. Nxa8 Bxa8 19. Qa7 Bc6 20. Qxa6 Qc5 21. Nd5 Bxd5 22. Rxd5 Qxf2 23. Rgd1 Qb6 24. Qa8+ Kc7 25. R1d3 Qb7 26. Qa5+ Kb8 27. Rxb5 Be7 28. Rxb7+ Kxb7 29. Qb5+ Kc7 30. Rc3+ Kd8 31. Qa5+ Ke8 32. Rc8+ Bd8 33. Qxd8# 1-0

[Event "Titled Tuesday intern op 23rd Jan Late"]
[Site "Chess.com INT"]
[Date "2024.01.23"]
[Round "2"]
[White "Parfenov, Viktor N"]
[Black "Henriquez Villagra, Cristobal"]
[Result "0-1"]
[WhiteElo "2193"]
[BlackElo "2591"]
[PlyCount "64"]
[EventDate "2024.01.23"]
[EventType "swiss (blitz)"]
[EventRounds "11"]
[EventCountry "USA"]
[SourceTitle "CB05_2024"]
[SourceDate "2024.01.31"]
[SourceVersion "1"]
[SourceVersionDate "2024.01.31"]
[SourceQuality "1"]

1. e4 d6 2. d4 g6 3. Nc3 a6 4. g4 Bg7 5. Bg2 Nc6 6. Nge2 Bxg4 7. Be3 Nf6 8. Qd2 0-0 9. h3 Bxe2 10. Nxe2 d5 11. e5 Ne4 12. Bxe4 dxe4 13. Ng3 f5 14. exf6 exf6 15. Nxe4 f5 16. Nc5 b6 17. Nb3 Qd5 18. 0-0-0 a5 19. Kb1 a4 20. Nc1 a3 21. b3 f4 22. Bxf4 Nxd4 23. Be3 c5 24. Ne2 Rad8 25. Nxd4 cxd4 26. Bg5 Rc8 27. c4 Qf5+ 28. Kc1 d3 29. Be7 Bb2+ 30. Kb1 Rfe8 31. Rhe1 Bc3 32. Qxc3 d2+ 0-1

[Event "Titled Tuesday intern op 16th Jan Late"]
[Site "Chess.com INT"]
[Date "2024.01.16"]
[Round "2"]
[White "Parfenov, Viktor N"]
[Black "De Souza, Arthur Olintho"]
[Result "1-0"]
[WhiteElo "2193"]
[BlackElo "2113"]
[PlyCount "83"]
[EventDate "2024.01.16"]
[EventType "swiss (blitz)"]
[EventRounds "11"]
[EventCountry "USA"]
[SourceTitle "CB04_2024"]
[SourceDate "2023.10.16"]
[SourceVersion "1"]
[SourceVersionDate "2023.10.16"]
[SourceQuality "1"]

1. d4 d5 2. c4 Bf5 3. cxd5 Bxb1 4. Qa4+ c6 5. dxc6 Nxc6 6. Rxb1 Qxd4 7. Qxd4 Nxd4 8. e3 Nc2+ 9. Kd1 Nb4 10. Bb5+ Nc6 11. Bxc6+ bxc6 12. Nf3 0-0-0+ 13. Kc2 f6 14. Nd4 Rd6 15. b3 e5 16. Nf5 Rd5 17. e4 Rc5+ 18. Kb2 Ra5 19. Be3 Ba3+ 20. Kc2 g6 21. Ng3 Ne7 22. Rhd1 Rd8 23. Rxd8+ Kxd8 24. Rd1+ Kc7 25. Ne2 Bb4 26. a4 c5 27. Kd3 Nc6 28. Kc4 Nd4 29. Bxd4 exd4 30. Nc1 Bc3 31. Nd3 Kd6 32. f4 Ra6 33. Nxc5 Rc6 34. b4 a5 35. e5+ fxe5 36. fxe5+ Kxe5 37. Kb5 Rc8 38. bxa5 Kd5 39. Nb7 Ke4 40. a6 d3 41. Nd6+ Ke3 42. Nxc8 1-0

[Event "Titled Tuesday intern op 16th Jan Early"]
[Site "Chess.com INT"]
[Date "2024.01.16"]
[Round "7"]
[White "Parfenov, Viktor N"]
[Black "Ruiz Aguilar, Pablo Alexander"]
[Result "0-1"]
[WhiteElo "2193"]
[BlackElo "2162"]
[PlyCount "110"]
[EventDate "2024.01.16"]
[EventType "swiss (blitz)"]
[EventRounds "11"]
[EventCountry "USA"]
[SourceTitle "CB04_2024"]
[SourceDate "2023.10.16"]
[SourceVersion "1"]
[SourceVersionDate "2023.10.16"]
[SourceQuality "1"]

1. d4 d5 2. c4 c6 3. Nf3 Nf6 4. Nc3 g6 5. cxd5 cxd5 6. Bf4 Nc6 7. e3 a6 8. h3 Bg7 9. Rc1 0-0 10. Bd3 b5 11. 0-0 Bb7 12. Qe2 Rc8 13. Nd2 Na5 14. Nb3 Nxb3 15. axb3 Qa5 16. Rc2 Qb4 17. Rfc1 Qxb3 18. Nb1 Rxc2 19. Rxc2 Rc8 20. Rxc8+ Bxc8 21. Bc7 Bf5 22. Bxf5 gxf5 23. Ba5 Qa2 24. Na3 Ne4 25. Bb4 e6 26. f3 Ng3 27. Qc2 Qa1+ 28. Kf2 Nh1+ 29. Ke2 h6 30. Qb1 Qxb1 31. Nxb1 f4 32. Bd6 Ng3+ 33. Kf2 fxe3+ 34. Kxg3 Bxd4 35. Nc3 f5 36. f4 e2 37. Nxe2 Bxb2 38. Kf3 a5 39. Ke3 a4 40. Nd4 a3 41. Bxa3 Bxa3 42. Nxb5 Bc5+ 43. Kf3 Kf7 44. g4 Kg6 45. Nc7 Kf6 46. Nb5 fxg4+ 47. hxg4 Ke7 48. Nc3 Bd4 49. Ne2 Bf6 50. Ng3 Kd6 51. Nh5 Bh8 52. g5 hxg5 53. fxg5 Ke7 54. Nf4 Be5 55. Nh5 Kf7 0-1